| 000 | 00952nam a22002417a 4500 | ||
|---|---|---|---|
| 005 | 20240530110909.0 | ||
| 008 | 220308s2005 ua g b 000 0 ara d | ||
| 017 |
_a2004/20529 _bمصر. دار الكتب |
||
| 020 | _a977351207 | ||
| 040 |
_aEG-CaGPL _cEG-CaGPL |
||
| 082 | 0 | 4 |
_221 _a320.9/ _bل م |
| 100 | 1 | _aلورنس، هنرى | |
| 245 | 1 | 2 |
_aالمشرق العربى فى الزمن الامريكى من حرب الخليخ الى حرب العراق / _cهنرى لورنس ؛ ترجمة بشير السباعى |
| 250 | _aط.1 | ||
| 260 |
_aالقاهرة : _bدار ميريت، _c2005 |
||
| 300 |
_a448 ص. ؛ _c24 سم. |
||
| 650 | 0 | 7 |
_2qrmak _aالحروب الدولية |
| 651 | 0 | 7 |
_2qrmak _aالعراق _xتاريخ _yالعصر الحديث |
| 653 | 0 | _aالحرب الامريكية على العراق | |
| 700 | 0 |
_aبشير السباعى _eمترجم |
|
| 942 |
_2ddc _cBK |
||
| 999 |
_c66272 _d66272 |
||